Fußballer mit MEHR als 150 Toren in der Fußball-Bundesliga - Statistiken

Allgemein
  • Dieses Quiz wurde 347 mal gespielt
  • Das Durchschnittsergebnis liegt bei 3 aus 16
Answers on the Grid
Answers color-coded by a green-red scale on the quiz's grid according to % correct below.
Gerd Müller
Robert Lewandowski
Klaus Fischer
Jupp Heynckes
Manfred Burgsmüller
Claudio Pizarro
Ulf Kirsten
Stefan Kuntz
Dieter Müller
Klaus Allofs
Mario Gómez
Hannes Löhr
Karl-Heinz Rummenigge
Bernd Hölzenbein
Fritz Walter
Marco Reus
Thomas Müller
Thomas Allofs
Stefan Kießling
Uwe Seeler
Rudi Völler
Vedad Ibišević
Andrej Kramarić
Miroslav Klose
Lothar Matthäus
Kevin Kurányi
Jürgen Klinsmann
Aílton
Timo Werner
Michael Zorc
 
Antwortstatistiken
Antwort % Korrekt
Robert Lewandowski
59%
Gerd Müller
45%
Claudio Pizarro
31%
Klaus Fischer
22%
Mario Gómez
20%
Jupp Heynckes
18%
Karl-Heinz Rummenigge
18%
Marco Reus
14%
Ulf Kirsten
14%
Manfred Burgsmüller
13%
Klaus Allofs
12%
Fritz Walter
8%
Dieter Müller
5%
Stefan Kuntz
5%
Bernd Hölzenbein
1%
Hannes Löhr
1%
Keine übereinstimmenden Quizze gefunden
Verteilung der Resultate
Anzahl Personen mit jedem Resultat
Perzentil nach korrekt beantworteten Fragen
Ihre Resultats-Entwicklung
Sie haben dieses Quiz noch nicht gespielt